'The Brady Bunch' Characters Quiz Stats

Quiz Updated Dec 14, 2014

Challenge
Share
Tweet
Score 0/9 Timer 01:30
0 Plays Today
% Correct
Jan
94.1%
Cindy
93.3%
Alice
92.9%
Bobby
91.8%
Marcia
91.1%
Greg
90.8%
Peter
89.5%
Mike
82.6%
Carol
82.1%

You're not logged in!

Compare scores with friends on all Sporcle quizzes.
Join for Free
OR
Log In

You Might Also Like...

Show Comments

Extras

Top Quizzes Today


Score Distribution

Your Account Isn't Verified!

In order to create a playlist on Sporcle, you need to verify the email address you used during registration. Go to your Sporcle Settings to finish the process.

Report this User

Report this user for behavior that violates our Community Guidelines.

Details: